000 00411nam a2200181Ia 4500
005 20250423095123.0
008 250422s9999 xx 000 0 und d
020 _a9780132041225
050 _aHB 171.5 .P37/
100 _aParkin, Michael
245 0 _aEconomics
260 _aNew York
260 _bPearson Education limited
260 _c2016
300 _a830 p
650 _aECONOMICS
942 _cBK
999 _c29301
_d29301